书目信息 |
| 题名: |
汉朝其实挺有趣儿
|
|
| 作者: | 纳兰秋 编著 | |
| 分册: | ||
| 出版信息: | 北京 石油工业出版社 2011.03 |
|
| 页数: | 292页 | |
| 开本: | 24cm | |
| 丛书名: | ||
| 单 册: | ||
| 中图分类: | K828.5=34 | |
| 科图分类: | ||
| 主题词: | 女性--生平事迹--中国--汉代 , 女性 | |
| 电子资源: | ||
| ISBN: | 978-7-5021-8189-5 | |
| 000 | 00893nam0 2200241 450 | |
| 001 | 010010075990 | |
| 005 | 20120419162136.54 | |
| 010 | @a978-7-5021-8189-5@dCNY26.80 | |
| 100 | @a20110325d2011 em y0chiy50 ea | |
| 101 | 0 | @achi |
| 102 | @aCN@b110000 | |
| 105 | @aa z 000yc | |
| 106 | @ar | |
| 200 | 1 | @a汉朝其实挺有趣儿@9han chao qi shi ting you qu er@f纳兰秋编著 |
| 210 | @a北京@c石油工业出版社@d2011.03 | |
| 215 | @a292页@c图@d24cm | |
| 330 | @a在滚滚历史长河中,每个人都扮演着一个角色。然而,在大汉王朝这个男人驰骋的世界里,女人又在扮演什么样的角色呢?本书主要内容包括:令人闻之色变的汉朝第一“毒妇”——吕雉;无比幸运的幸福小女人——窦猗房;忍人所不能忍的城府女人——王娡等。 | |
| 606 | 0 | @a女性@x生平事迹@y中国@z汉代 |
| 606 | 0 | @a女性 |
| 690 | @aK828.5=34@v4 | |
| 701 | 0 | @a纳兰秋@9na lan qiu@4编著 |
| 801 | 0 | @aCN@bRENTIAN@c20110325 |
| 905 | @b538041-45@dK828.5=34@e42@f5 | |
| 汉朝其实挺有趣儿/纳兰秋编著.-北京:石油工业出版社,2011.03 |
| 292页:图;24cm |
| ISBN 978-7-5021-8189-5:CNY26.80 |
| 在滚滚历史长河中,每个人都扮演着一个角色。然而,在大汉王朝这个男人驰骋的世界里,女人又在扮演什么样的角色呢?本书主要内容包括:令人闻之色变的汉朝第一“毒妇”——吕雉;无比幸运的幸福小女人——窦猗房;忍人所不能忍的城府女人——王娡等。 |
| ● |
| 相关链接 |
|
|
|
|
正题名:汉朝其实挺有趣儿
索取号:K828.5=34/42
 
预约/预借
| 序号 | 登录号 | 条形码 | 馆藏地/架位号 | 状态 | 备注 |
| 1 | 538041 | 205380416 | 第二样本阅览室/ [索取号:K828.5=34/42] | 在馆 | |
| 2 | 538042 | 205380425 | 第二借阅区/ [索取号:K828.5=34/42] | 在馆 | |
| 3 | 538043 | 205380434 | 第二借阅区/ [索取号:K828.5=34/42] | 在馆 | |
| 4 | 538044 | 205380443 | 第二借阅区/ [索取号:K828.5=34/42] | 在馆 | |
| 5 | 538045 | 205380452 | 第二借阅区/ [索取号:K828.5=34/42] |
已借出,限还日期为2016.07.21 借出人:韩欣馨 |